Seventeen Going Under - Sam Fender Lyrics - Statistics

General Stats
  • This quiz has been taken 52 times
  • The average score is 220 of 341
Answer Stats
Answer % Correct
I
100%
the
100%
The
100%
was
100%
a
97%
A
97%
An
97%
And
97%
and
97%
in
97%
he
94%
it
94%
on
91%
you
91%
You
91%
But
88%
but
88%
now
88%
'round
88%
to
88%
who
88%
boy
85%
scarred
85%
that
85%
thing,
85%
thing
85%
Do
82%
heartbeat
82%
love
82%
So
82%
so
82%
we
82%
with
82%
would
82%
your
82%
begs
79%
far
79%
him
79%
hit
79%
scared
79%
seventeen
79%
That's
79%
when
79%
anger,
76%
around
76%
for
76%
me
76%
of
76%
stick
76%
too
76%
forever
73%
goin'
73%
like
73%
my
73%
Still
73%
under
73%
remember
70%
sickness
70%
bugs
67%
down
67%
hurt
67%
I'm
67%
lingers
67%
they're
67%
videos
67%
again
64%
all
64%
Cold
64%
Cryin'
64%
kicked
64%
them
64%
time
64%
beach
61%
beauty
61%
fights
61%
first
61%
next
61%
Septembers
61%
week
61%
you're
61%
can
58%
child
58%
distances
58%
fist
58%
head
58%
'Cause
55%
covered
55%
Oh
55%
oh
55%
ooh
55%
round
55%
See,
55%
see
55%
spent
55%
yourself
55%
Embarrass
52%
kid
52%
snuff
52%
someone
52%
their
52%
Tom's
52%
up
52%
us
52%
lads'
48%
lads
48%
leave
48%
nothin'
48%
embryonic
45%
fuckin'
45%
Locker
45%
offer
45%
ones
45%
room
45%
always
42%
boys'
42%
boys
42%
gear
42%
god,
42%
God,
42%
grin
42%
joker
42%
looks
42%
myself
42%
sad
42%
teens
42%
they're
42%
drink
39%
enraged
39%
fleece
39%
nowt
39%
She
39%
she
39%
silence
39%
talkin'
39%
Buried
36%
humour
36%
mother,
36%
spirallin'
36%
about
33%
armed
33%
Bizzies
33%
fags
33%
old
33%
thought
33%
cheap
30%
claws
30%
kid's
30%
man
30%
picture
30%
said
30%
shifting
30%
snide
30%
Canny
27%
dab
27%
hand
27%
here
27%
wept
27%
chanter,
24%
debt,
24%
debt
24%
DWP
24%
floor
24%
mirrored
24%
amongst
21%
Drenched
21%
encumbered
21%
Makes
21%
noise
21%
number
21%
white
21%
cries
15%
came
12%
how
12%
Well,
12%
died
9%
luck
9%
No matching quizzes found
Score Distribution
Percent of People with Each Score
Percentile by Number Answered
Your Score History
You have not taken this quiz